Sīratunnabī : (Record no. 586110)

000 -LEADER
fixed length control field 01012cam a22003497a 4500
001 - CONTROL NUMBER
control field 1594948
003 - CONTROL NUMBER IDENTIFIER
control field NUST
005 - DATE AND TIME OF LATEST TRANSACTION
control field 20210805152138.0
008 - FIXED-LENGTH DATA ELEMENTS--GENERAL INFORMATION
fixed length control field 950823s1979 pk 000 0 pus
010 ## - LIBRARY OF CONGRESS CONTROL NUMBER
LC control number 93984284
038 ## - RECORD CONTENT LICENSOR
Staff Name Arshad
040 ## - CATALOGING SOURCE
Original cataloging agency DLC
Transcribing agency DLC
Modifying agency DLC
041 1# - LANGUAGE CODE
Language code of original urd
050 00 - LIBRARY OF CONGRESS CALL NUMBER
Classification number MLCMN 94/1585 (B)
082 ## - DEWEY DECIMAL CLASSIFICATION NUMBER
Classification number 297.63
Author Mark NAD
100 0# - MAIN ENTRY--PERSONAL NAME
Personal name Nadvī , Sayyid Sulaimān
Dates associated with a name 1857-1914.
9 (RLIN) 81270
240 10 - UNIFORM TITLE
Uniform title Sīratunnabī.
Language of a work urdu
245 10 - TITLE STATEMENT
Title Sīratunnabī :
Statement of responsibility, etc. Sayyid Sulaimān Nadvī
260 ## - PUBLICATION, DISTRIBUTION, ETC.
Place of publication, distribution, etc. Lahore :
Name of publisher, distributor, etc. Army Book Club,
Date of publication, distribution, etc. 1983.
300 ## - PHYSICAL DESCRIPTION
Extent v. 5 ;
Dimensions 24 cm.
563 ## - BINDING INFORMATION
Binding note HBK
650 ## - SUBJECT ADDED ENTRY--TOPICAL TERM
Topical term or geographic name entry element Muḥammad, Prophet, -632
9 (RLIN) 10262
650 ## - SUBJECT ADDED ENTRY--TOPICAL TERM
Topical term or geographic name entry element Religious life--Islam
9 (RLIN) 81271
650 ## - SUBJECT ADDED ENTRY--TOPICAL TERM
Topical term or geographic name entry element Prophets in the Qurʼan
9 (RLIN) 81272
650 ## - SUBJECT ADDED ENTRY--TOPICAL TERM
Topical term or geographic name entry element Islam--Doctrines
651 ## - SUBJECT ADDED ENTRY--GEOGRAPHIC NAME
Geographic name Muslims
9 (RLIN) 81273
653 0# - INDEX TERM--UNCONTROLLED
Uncontrolled term Life of Prophet Muhammad.
700 1# - ADDED ENTRY--PERSONAL NAME
Personal name Nadvī, Sayyid Sulaimān,
Dates associated with a name -1953.
9 (RLIN) 81274
906 ## - LOCAL DATA ELEMENT F, LDF (RLIN)
a 7
b cbc
c orignew
d u
e ncip
f 19
g y-gencatlg
942 ## - ADDED ENTRY ELEMENTS (KOHA)
Source of classification or shelving scheme
Koha item type Book
Holdings
Withdrawn status Lost status Source of classification or shelving scheme Damaged status Not for loan Permanent Location Current Location Date acquired Total Checkouts Full call number Barcode Date last seen Price effective from Koha item type
          Central Library (CL) Central Library (CL) 08/05/2021   297.63 NAD CL2709 01/11/2023 08/05/2021 Book
© 2023 Central Library, National University of Sciences and Technology. All Rights Reserved.